| 000 | 00751nam a2200229 a 4500 | ||
|---|---|---|---|
| 001 | 48130 | ||
| 003 | BD-RjUL | ||
| 005 | 20211209054451.0 | ||
| 008 | 160811s1985 bg a|||| |||| 00| 0 ben d | ||
| 020 | _cTK.15.00 | ||
| 035 | _a(BD-RjUL)48249 | ||
| 040 |
_aBD-RjUL _bben _cBD-RjUL |
||
| 041 | _aben | ||
| 082 |
_223 _a550 _bKHP 1985 |
||
| 100 |
_aখান, ফারুক আজিজ _9145839 |
||
| 245 |
_aপৃথিবী / _cফারুক আজিজ খান |
||
| 260 |
_aঢাকা : _bবাংলা একাডেমী, _c১৯৮৫ |
||
| 300 |
_a৯২ পৃ. : _bচিত্র ; _c১৬ সেমি. |
||
| 650 |
_aপৃথিবী বিজ্ঞান _9122691 |
||
| 650 |
_aEarth science _9145840 |
||
| 942 |
_2ddc _cBK |
||
| 999 |
_c48130 _d48130 |
||